| 000 | 00000nam##2200000za#4500 |
| 001 | 9.573804 |
| 003 | CaOODSP |
| 005 | 20210624183857 |
| 007 | cr ||||||||||| |
| 008 | 150406|1991||||xxc|||||o f|0| 0 eng|d |
| 022 | |a1488-5379 |
| 040 | |aCaOODSP|beng |
| 043 | |an-cn--- |
| 086 | 1 |aFs97-6/1762E-PDF |
| 110 | 1 |aCanada. |bDepartment of Fisheries and Oceans. |bGulf Region. |
| 245 | 12|aA comparison of the taxonomic characteristics and duration of the laboratory reared larvae of snow crabs, Chionoecetes opilio (O. Fabricius) and toad crabs (Hyas sp.) from Atlantic Canada / |h[electronic resource]|cby K.G. Davidson and E.A. Chin. |
| 260 | |aMoncton - New Brunswick : |bFisheries and Oceans Canada. |cJanuary 1991. |
| 300 | |a29p.|bfigs., graphs, tables |
| 490 | 1 |aCanadian technical report of fisheries and aquatic sciences|x1488-5379|vNo. 1762 |
| 500 | |aThe catalogue number (Fs97-6/1762E) and ISSN (0706-6457) for the print edition have been incorrectly copied in this electronic publication. |
| 546 | |a(Résumé en français) |
| 590 | |a12-22-Supp|b2012-05-24 |
| 720 | 1 |aDavidson, K. G. |
| 720 | 1 |aChin, E. A. |
| 776 | 0#|tA comparison of the taxonomic characteristics and duration of the laboratory reared larvae of snow crabs, Chionoecetes opilio (O. Fabricius) and toad crabs, (Hyas sp.) from Atlantic Canada / |w(CaOODSP)9.608942 |
| 830 | #0|aCanadian technical report of fisheries and aquatic sciences,|x1488-5379|vNo. 1762|w(CaOODSP)9.504449 |
| 856 | 40|ahttp://publications.gc.ca|qPDF|s549 KB|uhttps://publications.gc.ca/collections/collection_2012/mpo-dfo/Fs97-6-1762-eng.pdf|yNo. 1762 |